书目信息 |
| 题名: |
少儿合唱队练声曲选萃
|
|
| 作者: | ;上海音乐出版社青少年读物编辑室 选编 | |
| 分册: | ||
| 出版信息: | 上海 上海音乐出版社 1995 |
|
| 页数: | 138页 | |
| 开本: | 19cm | |
| 丛书名: | ||
| 单 册: | ||
| 中图分类: | J652.6 | |
| 科图分类: | ||
| 主题词: | 童声合唱--练声曲--教材 , 童声合唱 , 练声曲 , 外国音乐--作品 , 音乐--各国--作品 | |
| 电子资源: | ||
| ISBN: | 7-80553-521-3 | |
| 000 | 00808nam0 2200253 450 | |
| 001 | 1262279124 | |
| 005 | 20121019171859.70 | |
| 010 | @a7-80553-521-3@dCNY8.00 | |
| 100 | @a19950606d1995 em y0chiy0110 ea | |
| 101 | 0 | @achi |
| 102 | @aCN@b310000 | |
| 105 | @agf z 000yy | |
| 200 | 1 | @a少儿合唱队练声曲选萃@Ashao er he chang dui lian sheng qu xuan cui@f上海音乐出版社青少年读物编辑室选编 |
| 210 | @a上海@c上海音乐出版社@d1995 | |
| 215 | @a138页@c插图@d19cm | |
| 606 | 0 | @a童声合唱@x练声曲@x教材 |
| 606 | 0 | @a童声合唱 |
| 606 | 0 | @a练声曲 |
| 606 | 0 | @a外国音乐@x作品 |
| 606 | 0 | @a音乐@y各国@x作品 |
| 690 | @aJ652.6@v4 | |
| 711 | 02 | @a上海音乐出版社青少年读物编辑室@Ashang hai yin yue chu ban she qing shao nian du wu bian ji shi@4选编 |
| 801 | 0 | @aCN@bNLC@c20101222 |
| 905 | @a10447@dJ652.6@eJY114 | |
| 少儿合唱队练声曲选萃/上海音乐出版社青少年读物编辑室选编.-上海:上海音乐出版社,1995 |
| 138页:插图;19cm |
| ISBN 7-80553-521-3:CNY8.00 |
| ● |
| 相关链接 |
|
|
|
|
正题名:少儿合唱队练声曲选萃
索取号:J652.6/JY114
 
预约/预借
| 序号 | 登录号 | 条形码 | 馆藏地/架位号 | 状态 | 备注 |
| 1 | 7834237 | 278342376 | 学院路分馆/ [索取号:J652.6/JY114] | 在馆 |